Системы буровых растворов для первичного вскрытия продуктивных коллекторов; Проблемы геологии и освоения недр; Т. 2

Dettagli Bibliografici
Parent link:Проблемы геологии и освоения недр=Problems of Geology and Subsurface Development: труды XXVI Международного симпозиума имени академика М. А. Усова студентов и молодых учёных, посвященный 90-летию со дня рождения Н. М. Рассказова, 120-летию со дня рождения Л. Л. Халфина, 50-летию научных молодежных конференций имени академика М. А. Усова, Томск, 4-8 апреля 2022 г./ Национальный исследовательский Томский политехнический университет, Инженерная школа природных ресурсов ; гл. ред. А. С. Боев ; под ред. Е. Ю. Пасечник.— , 2022
Т. 2.— 2022.— [С. 192-194]
Autore principale: Аверкиев В. А.
Enti autori: Национальный исследовательский Томский политехнический университет Инженерная школа природных ресурсов Научно-образовательный центр нефтегазовой химии и технологии, Национальный исследовательский Томский политехнический университет Инженерная школа природных ресурсов Отделение нефтегазового дела
Altri autori: Захаров А. С. Алексей Сергеевич (научный руководитель), Минаев К. М. Константин Мадестович
Riassunto:Заглавие с экрана
Lingua:russo
Pubblicazione: 2022
Serie:Современные техника и технологии бурения скважин
Soggetti:
Accesso online:http://earchive.tpu.ru/handle/11683/74040
Natura: MixedMaterials Elettronico Capitolo di libro
KOHA link:https://koha.lib.tpu.ru/cgi-bin/koha/opac-detail.pl?biblionumber=635096

MARC

LEADER 00000naa2a2200000 4500
001 635096
005 20250127101921.0
035 |a (RuTPU)RU\TPU\conf\36942 
035 |a RU\TPU\conf\36941 
090 |a 635096 
100 |a 20221117d2022 k y0rusy50 ca 
101 0 |a rus 
102 |a RU 
105 |a y z 100zy 
135 |a drgn ---uucaa 
181 0 |a i  
182 0 |a b 
200 1 |a Системы буровых растворов для первичного вскрытия продуктивных коллекторов  |f В. А. Аверкиев, А. С. Захаров, К. М. Минаев  |g науч. рук. К. М. Минаев 
203 |a Текст  |c электронный 
225 1 |a Современные техника и технологии бурения скважин 
300 |a Заглавие с экрана 
320 |a [Библиогр.: с. 193-194 (8 назв.)] 
461 1 |0 (RuTPU)RU\TPU\conf\36761  |t Проблемы геологии и освоения недр  |l Problems of Geology and Subsurface Development  |o труды XXVI Международного симпозиума имени академика М. А. Усова студентов и молодых учёных, посвященный 90-летию со дня рождения Н. М. Рассказова, 120-летию со дня рождения Л. Л. Халфина, 50-летию научных молодежных конференций имени академика М. А. Усова, Томск, 4-8 апреля 2022 г.  |o в 2 т.  |f Национальный исследовательский Томский политехнический университет, Инженерная школа природных ресурсов ; гл. ред. А. С. Боев ; под ред. Е. Ю. Пасечник  |d 2022 
463 1 |0 (RuTPU)RU\TPU\conf\36763  |t Т. 2  |v [С. 192-194]  |d 2022 
610 1 |a труды учёных ТПУ 
610 1 |a электронный ресурс 
610 1 |a буровые растворы 
610 1 |a первичное вскрытие 
610 1 |a продуктивные коллекторы 
610 1 |a биополимеры 
610 1 |a ксантан 
610 1 |a фильтрационно-емкостные свойства 
700 1 |a Аверкиев  |b В. А. 
701 1 |a Захаров  |b А. С.  |c специалист в области нефтепромыслового оборудования  |c лаборант кафедры Томского политехнического университета  |f 1994-  |g Алексей Сергеевич  |3 (RuTPU)RU\TPU\pers\32951  |9 16799 
701 1 |a Минаев  |b К. М.  |c специалист в области нефтегазового дела  |c доцент Томского политехнического университета, кандидат химических наук  |f 1982-  |g Константин Мадестович  |3 (RuTPU)RU\TPU\pers\29316  |9 13903 
702 1 |a Минаев  |b К. М.  |c специалист в области нефтегазового дела  |c доцент Томского политехнического университета, кандидат химических наук  |f 1982-  |g Константин Мадестович  |4 727 
712 0 2 |a Национальный исследовательский Томский политехнический университет  |c (2009- )  |b Инженерная школа природных ресурсов  |b Научно-образовательный центр нефтегазовой химии и технологии  |9 26305 
712 0 2 |a Национальный исследовательский Томский политехнический университет  |b Инженерная школа природных ресурсов  |b Отделение нефтегазового дела  |3 (RuTPU)RU\TPU\col\23546 
801 2 |a RU  |b 63413507  |c 20221205  |g RCR 
856 4 |u http://earchive.tpu.ru/handle/11683/74040 
942 |c BK